00731nam a22002057a 4500999001900000005001700019010001500036020002700051035001400078037001300092082001700105100001900122245003700141260002600178270007700204300002300281500005100304942003100355952013900386 c172738d17273820200212120350.0 aENG-127703 c1195.00a9789353289409 aEN-111235 bDBAD/PUB a304.28095416 aBaviskar,Amita aUncivil City/cby Amita Baviskar aNew Delhic2020bSage aB1/1-1 Mohan Cooperative Industrial Area Mathura Roade110044bNew Delhi axv;243p.b22cm(hb) aincludes bibliographical references and index  2ddccENh304.28095416mBAV 001040708NFICaLbLd2020-02-12eDBAD/PUBg1195.00l1o304.28095416 BAVpEN-111235r2020-11-10 00:00:00s2020-10-26t1v1195.00yEN